|
|
|
|
| LEADER |
00000cam a22000004a 4500 |
| 001 |
musev2_88340 |
| 003 |
MdBmJHUP |
| 005 |
20230905052943.0 |
| 006 |
m o d |
| 007 |
cr||||||||nn|n |
| 008 |
180317s2018 xx o 00 0 eng d |
| 020 |
|
|
|a 9780814687895
|
| 020 |
|
|
|z 081468789X
|
| 020 |
|
|
|z 9780814687888
|
| 020 |
|
|
|z 0814687881
|
| 040 |
|
|
|a MdBmJHUP
|c MdBmJHUP
|
| 100 |
1 |
|
|a Gaillardetz, Richard R.
|
| 245 |
1 |
0 |
|a By What Authority? :
|b Foundations for Understanding Authority in the Church
|
| 250 |
|
|
|a 2nd ed.
|
| 264 |
|
1 |
|a Collegeville :
|b Liturgical Press,
|c 2018.
|
| 264 |
|
3 |
|a Baltimore, Md. :
|b Project MUSE,
|c 0000
|
| 264 |
|
4 |
|c ©2018.
|
| 300 |
|
|
|a 1 online resource (264 pages).
|
| 336 |
|
|
|a text
|b txt
|2 rdacontent
|
| 337 |
|
|
|a computer
|b c
|2 rdamedia
|
| 338 |
|
|
|a online resource
|b cr
|2 rdacarrier
|
| 505 |
0 |
|
|a Intro; Titlepage; Copyright; Dedication; Contents; List of Abbreviations; Preface to the Revised Edition; PART ONE: FUNDAMENTAL THEMES; ONE: What Is the Role of Power and Authority in the Church?; TWO: What Is Divine Revelation?; PART TWO: THE AUTHORITY OF SCRIPTURE AND TRADITION; THREE: What Is the Canon of the Bible?; FOUR: What Is Biblical Inspiration and Inerrancy?; FIVE: What Is the Authority of Tradition?; PART THREE: THE AUTHORITY OF THE MAGISTERIUM; SIX: How Did the Magisterium Develop Historically?; SEVEN: How Do We Understand the Magisterium Today?
|
| 505 |
0 |
|
|a EIGHT: How Do the Pope and Bishops Exercise Their Teaching Authority?NINE: What Is the Role of Dogma and Doctrine in the Church?; PART FOUR: THE AUTHORITY OF THE BELIEVING COMMUNITY; TEN: What Is the Sense of the Faithful?; ELEVEN: Is There a Place for Disagreement in the Church?; TWELVE: What Is the Proper Relationship between the Magisterium, Theologians, and the Sense of the Faithful?; Epilogue.
|
| 588 |
|
|
|a Description based on print version record.
|
| 610 |
2 |
7 |
|a Catholic Church.
|2 fast
|0 (OCoLC)fst00531720
|
| 610 |
2 |
6 |
|a Église catholique
|x Doctrines.
|
| 610 |
2 |
0 |
|a Catholic Church
|x Doctrines.
|
| 650 |
|
7 |
|a Theology, Doctrinal.
|2 fast
|0 (OCoLC)fst01149617
|
| 655 |
|
7 |
|a Electronic books.
|2 local
|
| 710 |
2 |
|
|a Project Muse.
|e distributor
|
| 830 |
|
0 |
|a Book collections on Project MUSE.
|
| 856 |
4 |
0 |
|z Texto completo
|u https://projectmuse.uam.elogim.com/book/88340/
|
| 945 |
|
|
|a Project MUSE - Custom Collection
|